00957 2200337 4500001002100000005001500021035002000036007000300056008004100059020001800100082001000118084001700128100001700145245014200162250001100304260004200315300002800357650002000385700003200405700001700437500006600454990001100520990001100531990001100542990001100553990001100564990001100575990001100586990001100597990001100608INLIS00000000000570320200629034137 a0010-0520000001ta200629 g 0 ind  a9786024553920 a401.9 a401.9 HYA. t0 aHYANG, Oh Su1 aBicara Itu Ada Seninya :bRahasia Komunikasi yang Efektif /cOh Su Hyang; penyunting, Yosepha Ary Hascarygani K.; penerjemah, Ati Ningsih acet.11 aJakarta :bBhuana Ilmu Populer,c2019 axiv, 238 hlm. ;c21 cm. 4aPSIKOLINGUISTIK0 aYOSEPHA, Ary Hascarygani K.0 aATI, Ningsih aJudul asli : The Secret Habits to Master Your Art of Speaking a7428 a a7428 b a7428 c a7428 d a7428 e a7428 f a7428 g a7428 h a7428 i